Αποκλειστική Συνεργασία με την Digital MR στην Ελλάδα / MRH Hellas S.A. (Record no. 9386)
[ view plain ]
| 000 -LEADER | |
|---|---|
| fixed length control field | 01159cam a22001934a 4500 |
| 005 - ΗΜΕΡΟΜΗΝΙΑ ΚΑΙ ΩΡΑ ΤΕΛΕΥΤΑΙΑΣ ΕΝΗΜΕΡΩΣΗΣ | |
| Πεδίο ελέγχου | 20250605164359.0 |
| 008 - FIXED-LENGTH DATA ELEMENTS--GENERAL INFORMATION | |
| Πεδίο ελέγχου σταθερού μήκους | 250528s ||||||||||||||||||||||||d |
| 035 ## - SYSTEM CONTROL NUMBER | |
| System control number | 24509 |
| 040 ## - ΠΗΓΗ ΚΑΤΑΛΟΓΟΓΡΑΦΗΣΗΣ | |
| Φορέας πρωτότυπης καταλογογράφησης | MC Athens Campus Library |
| Γλώσσα καταλογογράφησης | Ελληνικά, Μοντέρνα (1453-) |
| Modifying agency | MC Athens Campus Library |
| Κανόνες περιγραφικής καταλογογράφησης | AACR2 |
| 245 1# - ΤΙΤΛΟΣ ΚΑΙ ΔΗΛΩΣΗ ΥΠΕΥΘΥΝΟΤΗΤΑΣ | |
| Τίτλος | Αποκλειστική Συνεργασία με την Digital MR στην Ελλάδα / MRH Hellas S.A. |
| 260 ## - PUBLICATION, DISTRIBUTION, ETC. | |
| Date of publication, distribution, etc. | 2014 |
| 300 ## - PHYSICAL DESCRIPTION | |
| Extent | 34 |
| 520 ## - SUMMARY, ETC. | |
| Summary, etc. | Ένα Γρήγορο Αυτοκίνητο είναι Άχρηστο αν δεν Οδηγήσουμε, Το Πρώτο Smart Agency σε Ελλάδα και Κύπρο, Πληθώρα Λανσαρισμάτων και Αυξημένη Διαφήμιση και Διεθνής Ανοδική Πορεία, IPG Mediabrands Αυτό που 'Ειναι' οι Γυναίκες, Από την Αμεσότητα στην Εγκυρότητα και στο Engagement, Arianna Huffington: Ο Κόσμος έχει Πολλά να πει και του Δίνουμε την Πλατφόρμα να το Κάνει. |
| 700 1# - ΠΡΟΣΘΕΤΗ ΑΝΑΓΡΑΦΗ--ΦΥΣΙΚΟ ΠΡΟΣΩΠΟ | |
| Personal name | Κορδελάς Δημήτρης |
| 9 (RLIN) | 9464 |
| 710 2# - ΠΡΟΣΘΕΤΗ ΑΝΑΓΡΑΦΗ--ΣΥΛΛΟΓΙΚΟ ΟΡΓΑΝΟ | |
| Corporate name or jurisdiction name as entry element | The Marketing Week |
| 9 (RLIN) | 9825 |
| 942 ## - ADDED ENTRY ELEMENTS (KOHA) | |
| Koha item type | Περιοδικά Δημοσιεύματα |
| Τύπος τεκμηρίου | Βιβλιοθήκη | Τρέχουσα τοποθεσία | Barcode | Ημερομηνία απόκτησης | Ταξιθετικό σύμβολο | Αριθμός αντιτύπου | Αρίθμηση σειρών / χρονολογία | Κατάσταση απόσυρσης | Κατάσταση χαμένου | Κατάσταση κατεστραμμένου | Μη δανεισμός | Σύνολο δανεισμών | Ημερομηνία τελευταίας εμφάνισης | Η τιμή ισχύει από |
|---|---|---|---|---|---|---|---|---|---|---|---|---|---|---|
| Περιοδικά Δημοσιεύματα | MC Athens Campus Library | MC Athens Campus Library | 9780000093851 | 05/06/2025 | MARKETING WEEK | 1 | 1452 | 05/06/2025 | 05/06/2025 |